Mariatál

Zobrazenie: V bielom orámovaní pohľad na cestu s okolitými domami vedúcu ku kaštieľu s kostolom v pozadí vidieť zalesnené kopce

Bibliographic Details
Format: Postcard
Language:Slovak
German
PhysicalDescription:1 pohľadnica čiernobiela 9 x 14 cm
Published: Mariatál Ludevít Slovák [1940?]
Subjects:

MARC

LEADER 00000nkm a2200000 a 4500
001 vtls011968467
003 SK-MaSNL
005 20260512124902.0
007 kp bo
008 231120q1940 xo g ||0k|slo
015 |a SNBG1940 
035 |a urn:nbn:sk:snk-km00e9fx 
035 |a urn:nbn:sk:snk-km43hqb 
035 |a 3D02B392-D75D-47A8-BCD8-881C778F2B99 
040 |a SNK  |b slo  |c SNK  |e AACR2 
041 0 |a slo  |a ger 
043 |a e-xo--- 
044 |a xo  |c SK 
072 7 |a 913  |x Regionálna geografia  |2 konspekt 
080 |a (084.121)  |2 2011 
080 |a 913(437.6)  |2 2011 
080 |a 726:27-523.42  |2 2011 
080 |a 728.82  |2 2011 
245 0 0 |a Mariatál  |h grafika 
260 |a Mariatál  |b Ludevít Slovák  |c [1940?] 
300 |a 1 pohľadnica  |b čiernobiela  |c 9 x 14 cm 
520 8 |a Zobrazenie: V bielom orámovaní pohľad na cestu s okolitými domami vedúcu ku kaštieľu s kostolom v pozadí vidieť zalesnené kopce 
650 0 7 |a kostoly  |2 SNKPH  |9 3023 
650 0 7 |a kaštiele  |2 SNKPH  |9 28599 
651 7 |a Marianka (Slovensko)  |2 SNKPHgeo  |9 17441 
655 7 |a miestne pohľadnice  |2 SNKPH  |9 70510 
752 |a Slovensko  |d Marianka 
852 |a Slovenská národná knižnica 
954 |a pohľadnice pôvodné (slovenské)  |2 lita 
958 |a GBN 
958 |a GC 
958 |a OND 
958 |a EUIPO 
999 |c 951639  |d 953569 
952 |a SNK  |b SNK  |y PREZ  |7 0  |p 17A1212808  |o snkSP 17860  |z Pohľadnica prešla poštou. ; Na adresnej strane nalepená hnedá známka ""Slovakotour"" 15 h  |0 0  |1 0  |4 0  |d 2020-05-22  |f 1  |l 0  |r 2026-02-24 09:51:11  |w 2026-02-24